Countries Explicitly Mentioned in Shakespeare's Plays - Statistics

General Stats
  • This quiz has been taken 839 times
    565 since last reset
  • The average score is 23 of 31
Answer Stats
Country % Correct
Italy
96%
France
95%
United Kingdom
95%
Denmark
94%
Spain
93%
Germany
89%
Russia
88%
Greece
87%
Egypt
86%
Ireland
85%
Norway
84%
Austria
81%
Netherlands
81%
Turkey
81%
Belgium
79%
China
79%
India
76%
Switzerland
76%
Poland
75%
Morocco
70%
Hungary
69%
Iran
63%
Czechia
62%
Libya
56%
Tunisia
56%
Croatia
53%
Syria
49%
Cyprus
47%
Lebanon
39%
Ethiopia
36%
Mexico
32%
No matching quizzes found
Score Distribution
Percent of People with Each Score
Percentile by Number Answered
Your Score History
You have not taken this quiz since the last reset